| 000 | 00495nam a2200217Ia 4500 | ||
|---|---|---|---|
| 008 | 210210b2013 xxu||||| |||| 00| 0 eng d | ||
| 020 | _a9789380511191 | ||
| 041 | _aeng | ||
| 082 | _aH891.9 PATH | ||
| 100 | _aPATIL (Hanmanthrav) | ||
| 245 | _aHindi sAhity ke vividh rUp | ||
| 260 |
_aKAnpur _bSamata Prakashan _c2013 |
||
| 300 | _a120 | ||
| 650 | _avividh | ||
| 650 | _asAhity | ||
| 650 | _arUp | ||
| 650 | _ake | ||
| 650 | _aHindi | ||
| 690 | _aHindi Criticism | ||
| 906 | _a068126 | ||
| 999 |
_c152777 _d152777 |
||